| 000 | 00356pab a2200145 454500 | ||
|---|---|---|---|
| 008 | 180718b2003 xxu||||| |||| 00| 0 eng d | ||
| 100 | _aNoronha, Frederick | ||
| 245 | _aCommunity radio: too many obstacles | ||
| 260 | _c2003 | ||
| 300 | _ap.1628-630. | ||
| 362 | _a26 Apr | ||
| 650 | _aRadio | ||
| 773 | _aEconomic and Political Weekly | ||
| 909 | _a56557 | ||
| 999 |
_c56557 _d56557 |
||